|
|
|
|
| LEADER |
00000cam a2200000 7i4500 |
| 001 |
0000006916 |
| 005 |
20151222.0 |
| 008 |
070827 |
| 020 |
|
|
|a 9832661803
|
| 090 |
0 |
0 |
|a COM
|b ENG
|
| 100 |
0 |
|
|a Iskandar Ab Rashid
|
| 245 |
1 |
0 |
|a Fun with desktop publishing
|c Iskandar Ab Rashid dan Zaitun Ismail
|
| 260 |
|
|
|a Selangor :
|b Venton Publishing ,
|c 2005
|
| 440 |
|
|
|a ICT Series
|
| 500 |
|
|
|a Children ages 10-12 years old (pink)
|
| 650 |
|
0 |
|a Computer
|x Study and teaching
|
| 650 |
|
0 |
|a Desktop publishing
|x Juvenile literature
|
| 700 |
1 |
|
|a Zaitun Ismail
|
| 999 |
|
|
|a 0000986552
|b Book
|c Children Collection
|e Cawangan Pontian
|
| 999 |
|
|
|a 0000986553
|b Book
|c Children Collection
|e Cawangan Bandar Penawar
|
| 999 |
|
|
|a 0000986554
|b Book
|c Children Collection
|e Cawangan Taman Sri Lambak
|
| 999 |
|
|
|a 0000986556
|b Book
|c Children Collection
|e Perbadanan Perpustakaan Awam Johor
|
| 999 |
|
|
|a 0001002677
|b Book
|c Children Collection
|e Cawangan Bandar Penawar
|
| 999 |
|
|
|a 0001002678
|b Book
|c Adult Collection
|e Cawangan Bukit Gambir
|